| 000 | 00342nam a2200145Ia 4500 | ||
|---|---|---|---|
| 005 | 20251222143216.0 | ||
| 008 | 251222s9999||||xx |||||||||||||| ||spa|| | ||
| 020 | _a84-321-3161-X | ||
| 082 | _a270/O67H/Ej.2 | ||
| 100 | _aOrlandis, José | ||
| 245 | 0 | _aHistoria breve del Cristianismo | |
| 250 | _a5a.ed. | ||
| 264 | _bRialp | ||
| 942 | _cLIB | ||
| 999 |
_c13651 _d13651 |
||